00830nam a22002297a 450000500170000001000130001702000100003003500130004003700160005304000120006908200180008110000240009924501290012324600490025226000860030127000830038730000200047065000170049065000450050765000180055265000300057020170123162301.0 aB-077914 c60.00 aB-077914 bCen Lib/Ret aDPLbUR a921bب ہ ا aبہتی, اشاک  a : مولانا ابُوالکلام آزاد cانور الی دہلوی b / ایک نابغہ روزگار شخصیت aMualana abul kalam azad /bby Ishaq bhatti  aپٹنہ bخدا بھکش ورئیےنٹل پبلک لائبریری c2001 aخدا بھکش ورئیےنٹل پبلک لائبریری bپٹنہ e4 a60p.c20cm(pbk) a سوانح  aسیاسی رہنماzہندوستان  v aBiography  aPolitical leader zIndia